000 00996cab a2200313 4500
001 E2638
008 090401t1995 xxu||||| |||| 00| 0 eng d
035 _a(Sirsi) u40363
041 _aeng
100 _aMcManus, F.
245 _aNoise: statutory control
260 _c1995
350 _a0
490 _aScottish Planning and Environmental Law
_v1995 SPEL 51, 84-86 (3)
520 _aExamines the current statutory law relating to noise.
650 _aCIVIC GOVERNMENT (SCOTLAND) ACT 1982
650 _aCONTROL OF POLLUTION ACT 1974
650 _aENVIRONMENTAL PROTECTION ACT 1990
650 _aHEALTH AND SAFETY AT WORK ETC ACT 1974
650 _aLAND COMPENSATION (SCOTLAND) ACT 1973
650 _aLICENSING (SCOTLAND) ACT 1976
650 _aLOCAL GOVERNMENT (SCOTLAND) ACT 1973
650 _aNOISE POLLUTION
650 _aNOISE
650 _aTOWN AND COUNTRY PLANNING (SCOTLAND) ACT 1972
690 _aPLANNING LAW AND PRACTICE
942 _n0
948 _c04/03/1997
999 _c25865
_d25865